000 00436nam a22001937i 4500
001 3284
003 OSt
005 20170126082316.0
007 tu
008 161220s1996 xxu||||| |||| 00| 0 d
024 7 _a3283
_2RID
040 _cOSt
084 _a10.52
_a19.5
_a19.53
_2z
245 0 0 _aThe Changing Social Benfits in Russian Enterprises
260 _aParis,
_c1996.
300 _a148 S. ;
_c30cm.
651 _aRussia
110 2 _aOECD
_eEd.
942 _cB
999 _c3237
_d3237